Widok standardowy
Widok MARC
Pozycja Personal Name
Liczba rekordów, w których użyto hasła: 1
001 - Numer kontrolny
- control field: 39205
003 - Identyfikator numeru kontrolnego
- control field: NUKAT
005 - Data i czas ostatniej modyfikacji
- control field: 20260330130354.0
008 - Dane kontrolne kodowane (40 znaków)
- fixed length control field: 170421n||a|znnaabn |a aaa |c
010 ## - Numer kontrolny Biblioteki Kongresu
- numer kontrolny LC: n 2017079927
040 ## - Instytucja sporządzająca rekord
- inst. przygot. dane do rek. khw: WR O/KS
- język haseł przedmiotowych/tezaurus: kaba
- inst. wprow. rek. khw: WR O/KS
100 1# - Hasło - nazwa osobowa
- nazwa osobowa w formie ujednoliconej: Pastuszczak-Frąk, Marta.
400 1# - Trop zob. - nazwa osobowa
- nazwa osobowa (nazwisko, imiona): Pastuszczak-Frąk, Marta Ewa.
400 1# - Trop zob. - nazwa osobowa
- nazwa osobowa (nazwisko, imiona): Frąk, Marta Pastuszczak-.
400 1# - Trop zob. - nazwa osobowa
- nazwa osobowa (nazwisko, imiona): Pastuszczak, Marta.
400 1# - Trop zob. - nazwa osobowa
- nazwa osobowa (nazwisko, imiona): Pastuszczak-Frąk, M.
400 1# - Trop zob. - nazwa osobowa
- nazwa osobowa (nazwisko, imiona): Pastuszczak, M.
670 ## - Źródło informacji
- źródło informacji: Kp. Przyczynki do historii olsztyńskiej weterynarii / Tadeusz Pastuszczak, Marta Pastuszczak-Frąk. - Olsztyn, 2017.
- gdzie znaleziono informację: Biogram
670 ## - Źródło informacji
- źródło informacji: BNPol online